| 000 | 00691nam a2200181 4500 | ||
|---|---|---|---|
| 008 | s2006 fr fre u | ||
| 020 | _a2012805051 | ||
| 020 | _a9782012805057 | ||
| 040 | _aLB-BrCRDP | ||
| 082 | 1 |
_a372.63 _bCOR |
|
| 100 | 1 | _aStora, Ghislaine | |
| 245 | 1 | 0 |
_aCorrecteur d'orthographe _b40 000 mots _cGhislaine Stora |
| 260 |
_aParis _bHachette _c2006 |
||
| 300 |
_a447 p. _c11.5 x 8 cm |
||
| 520 | _aPour les études, au bureau ou en voyage, le Correcteur d'orthographe permet de vérifier rapidement et de manière fiable l'orthographe d'un mot, de s'assurer d'un accord ou d'une forme conjuguée. | ||
| 942 | _cBK | ||
| 999 |
_c10178 _d10178 |
||